Macroeconomics /
The Student Edition provides a wealth of free resources for students. The Instructor Edition gives instructors password-protected information such as the Instructors Manual, PowerPoints, and Overhead Transparencies. New with the Sixteenth Edition, we also provide a fully integrated pedagogical packa...
Saved in:
| Main Author: | |
|---|---|
| Other Authors: | |
| Format: | Book |
| Language: | Vietnamese |
| Published: |
American :
MC Graw Hill ,
2004
|
| Subjects: | |
| Tags: |
Add Tag
No Tags, Be the first to tag this record!
|
| Institutions: | Thư viện Trường CĐ Kỹ Thuật Cao Thắng |
|---|
| LEADER | 01464nam a2200277 a 4500 | ||
|---|---|---|---|
| 001 | TVCDKTCT10030 | ||
| 003 | Thư viện trường Cao đẳng Kỹ thuật Cao Thắng | ||
| 005 | 20080806000000 | ||
| 008 | 080806 | ||
| 980 | \ | \ | |a Thư viện Trường CĐ Kỹ Thuật Cao Thắng |
| 024 | |a RG_1 #1 eb0 i1 | ||
| 020 | # | # | |a 0072875577 |
| 041 | 0 | # | |a vie |
| 082 | # | # | |a 330 / |b M100C-m |
| 100 | 1 | # | |a McConnell Steve |
| 245 | 0 | 0 | |a Macroeconomics / |c McConnell Steve, McConnell Campbell |
| 260 | # | # | |a American : |b MC Graw Hill , |c 2004 |
| 300 | # | # | |a 427tr. ; |c 27cm |
| 520 | # | # | |a The Student Edition provides a wealth of free resources for students. The Instructor Edition gives instructors password-protected information such as the Instructors Manual, PowerPoints, and Overhead Transparencies. New with the Sixteenth Edition, we also provide a fully integrated pedagogical package for students and instructors: DiscoverEcon with Paul Solman Videos. Students can review key concepts, work with interactive graphs, link out to the Solman Videos on a DVD, complete exercises and multiple choice quizzes, and submit their results to the instructor in the e-submission capacityall with the same text specific system |
| 650 | # | 4 | |a Aggregate expenditures model |
| 650 | # | 4 | |a Aggregate expenditures schedule |
| 650 | # | 4 | |a Real domestic output |
| 650 | # | 4 | |a Federal Reserve Banks |
| 650 | # | 4 | |a Last Word |
| 650 | # | 4 | |a Web based Question |
| 700 | 0 | # | |a McConnell Campbell |


